| 000 | 00623cam a22002055a 4500 | ||
|---|---|---|---|
| 001 | ssj0000780836 | ||
| 003 | OSt | ||
| 005 | 20180128111129.0 | ||
| 008 | 861021t1986 txua frb 00110 eng d | ||
| 020 | _a1555630057 | ||
| 040 |
_dWaSeSS _dEG-ScBUE _beng |
||
| 082 | 0 | 4 |
_a622.3382 _222 _bWIL |
| 100 | 1 | _aWillhite, G. Paul. | |
| 245 | 1 | 0 |
_aWaterflooding / _cG. Paul Willhite. |
| 260 | 0 |
_aRichardson : _bSociety of Petroleum Engineers, _cc.1986. |
|
| 300 |
_avii, 326 p. : _bill. ; _c29 cm. |
||
| 504 | _aIncludes bibliographical references and indexes. | ||
| 650 | 7 |
_aOil field flooding. _2BUEsh |
|
| 653 |
_bGGEN _cJanuary2018 |
||
| 999 |
_c26015 _d25987 |
||